| 000 | 00986nam a2200301 a 4500 | ||
|---|---|---|---|
| 003 | AKMAL | ||
| 005 | 20230131150611.0 | ||
| 008 | 170108s2017 my e l 000 0 may d | ||
| 020 | _cRM31.00 | ||
| 040 | _aAKMAL | ||
| 082 | 0 | 4 | _a345.59502322 MAL |
| 090 | 0 | 0 |
_a345.59502322 _bMAL |
| 110 | 1 |
_aMalaysia, _ejurisdiction governed. _9400 |
|
| 245 | 1 | 0 |
_aAKTA SURUHANJAYA PENCEGAHAN RASUAH MALAYSIA 2009 (ACT 694) : _b(PINDAAN HINGGA 5HB JANUARI 2009) / _cDisusun semula oleh Penasihat Undang-Undang Mdc |
| 260 |
_aKuala Lumpur: _bMDC Publishers, _c2017. |
||
| 300 |
_a57 pages ; _c27cm. |
||
| 490 | 1 | _aUNDANG-UNDANG MALAYSIA | |
| 599 | _aDALAM PROSES | ||
| 650 | 1 | 0 |
_aCorruption _xLaw and legislation _zMalaysia _98458 |
| 650 | 2 | 0 |
_aBribery _xLaw and legislation _zMalaysia _98383 |
| 830 | 0 |
_aUndang-undang Malaysia _99065 |
|
| 942 |
_2ddc _cBOOK |
||
| 950 | _lAKMAL | ||
| 999 |
_c4741 _d4741 |
||